| 000 | 00379nam a22001337a 4500 | ||
|---|---|---|---|
| 005 | 20260325102250.0 | ||
| 008 | 260325b |||||||| |||| 00| 0 eng d | ||
| 040 | _cFLL | ||
| 041 |
_2eng _aeng |
||
| 100 |
_aMuzammil _91231830 |
||
| 245 | _aRestorative Justice and Development of Victim Centric Justice in Criminal Law | ||
| 260 |
_aDU _bFaculty of Law _c2022 |
||
| 942 |
_2CC _cDIS |
||
| 999 |
_c1843491 _d1843491 |
||